000 00618nam a2200241 a 4500
001 0001-0987
003 ELIB.Books
008 141010 2010 eng
020 _a0802422284
035 _a(ELIB.Books)0001-1141
092 _a268.432
_bTay
100 _aTaylor, Kenneth N.
245 _aLiving Thoughts for the Children's Hour
260 _aChicago
_bMoody Press
_c1958
300 _a127
_c21.5 Cm
500 _aDr. Yahalaylayla
650 _aR.E Children
856 _nKBTS; Library
_uKBTS; Elib.
942 _2ddc
_cBK
990 _a1
998 _cbat
_e2014-10-10
999 _c10987
_d10987